Theory of reproducing kernels and its applications

Αποθηκεύτηκε σε:
Λεπτομέρειες βιβλιογραφικής εγγραφής
Κύριος συγγραφέας: Saitoh, Saburou 1944-
Μορφή: Βιβλίο
Γλώσσα:English
Δημοσίευση: Harlow, Essex England : Longman , 1988
Σειρά:Pitman research notes in mathematics series ; ; 189
Θέματα:
Ετικέτες: Προσθήκη ετικέτας
Δεν υπάρχουν, Καταχωρήστε ετικέτα πρώτοι!

MARC

LEADER 00000nam a2200000 i 4500
001 1/38821
008 941103s1988 eng d
020 |a 0-582-03564-3 
035 |a 1993  |l 10040857 
040 |a GR-MY-UA  |b gre  |e aacr 
041 0 |a eng 
082 0 |a 515. 
100 1 |a Saitoh, Saburou  |d 1944- 
245 1 0 |a Theory of reproducing kernels and its applications /  |c Saburou Saitoh 
260 |a Harlow, Essex England :   |b Longman ,   |c 1988 
300 |a 157 p.;  |c 24 cm. 
490 1 |a Pitman research notes in mathematics series  |v ; 189 
500 |a Includes bibliographical references 
650 0 0 |a Kernel functions. 
830 0 |a Pitman research notes in mathematics series ;  |v ; 189 
852 |a INST  |b SAMOS  |e 19941103  |h 515 SAI  |p 005300007243  |q 005300007243  |t BK  |y 0 
909 |a Σ  |b 030575